000 00460nam a22001457a 4500
005 20250902101354.0
008 250902b |||||||| |||| 00| 0 eng d
100 _aNDIRANGU EUNICE WANGARI
245 _aTHE ROLE OF BUDGETING PROCESS ON COUNTY GOVERNMENT FINANCIAL PERFORMANCE: A CASE OF NYERI COUNTY
260 _aKISII
_bKISII UNIVERSITY
_c2017
300 _aXIV,67P.
500 _aINCLUDES AN INDEX
650 _aFINANCE, PUBLIC-NYERI
942 _2lcc
_cREF
999 _c216062
_d216062